000 00219nam a2200097Ia 4500
008 131103s9999 xx 000 0 und d
040 _aLoreto College
041 _aEnglish
245 _aSecrets of the heart
942 _cBK
999 _c24024
_d74503